Cherchez l'intrus! - Statistiques

Statistiques générales
  • Ce quiz a été pris 885 fois
  • Le résultat moyen est 4 sur 15
Statistiques - réponses
Question Réponse % Correct
Trouvez l'intrus dans la liste suivante: Melon
90%
Trouvez l'intrus dans la liste suivante: Bouteille
74%
Trouvez l'intrus dans la liste suivante: Grelotter
68%
Trouvez l'intrus dans la liste suivante: Italie
44%
Trouvez l'intrus dans la liste suivante: Hibou
36%
Trouvez l'intrus dans la liste suivante: Odeur
30%
Trouvez l'intrus dans la liste suivante: La 5
24%
Trouvez l'intrus dans la liste suivante: Sabre
18%
Trouvez l'intrus dans la liste suivante: Voile
18%
Trouvez l'intrus dans la liste suivante: Jean
16%
Trouvez l'intrus dans la liste suivante: Pirate
10%
Trouvez l'intrus dans la liste suivante: Autant
8%
Trouvez l'intrus dans la liste suivante: Sapin
6%
Trouvez l'intrus dans la liste suivante: Oreille
4%
Trouvez l'intrus dans la liste suivante: Voûte
2%
Aucun quiz correspondant
Distribution des résultats
% des personnes avec chaque résultat
Percentile par nombre de réponses
Votre historique - résultats
Vous n’avez pas pris ce quiz